Equipe de France Football: Calendrier 2024 - Statistiques

Statistiques générales
  • Ce quiz a été pris 111 fois
    23 depuis la dernière actualisation
  • Le résultat moyen est 8 sur 11
Statistiques - réponses
Réponse % Correct
Portugal
100%
Belgique
95%
Allemagne
90%
Autriche
85%
Italie
80%
Pologne
80%
Pays-Bas
75%
Israël
70%
Canada
60%
Chili
55%
Luxembourg
55%
Aucun quiz correspondant
Distribution des résultats
% des personnes avec chaque résultat
Percentile par nombre de réponses
Votre historique - résultats
Vous n’avez pas pris ce quiz depuis la dernière actualisation